[Event "Havana Giraldilla op"]
[Site "Havana"]
[Date "2024.08.16"]
[Round "8"]
[White "Montane Carbonell, Thiago"]
[Black "Leonard Izahin, Adaina"]
[Result "1/2-1/2"]
[WhiteElo "1563"]
[BlackElo "1635"]
[PlyCount "50"]
[EventDate "2024.08.12"]
[EventType "swiss"]
[EventRounds "9"]
[EventCountry "CUB"]
[SourceTitle "CBM 221 Extra"]
[Source "ChessBase"]
[SourceDate "2024.09.30"]
[SourceVersion "1"]
[SourceVersionDate "2024.09.30"]
[SourceQuality "1"]

1. d4 c5 2. c4 e6 3. Nf3 Nf6 4. Nc3 b6 5. Bf4 Nc6 6. e3 Bb7 7. Bd3 Be7 8. 0-0 0-0 9. Qc2 Nb4 10. Qd2 Nxd3 11. Qxd3 d6 12. Rfe1 a6 13. Rad1 Rc8 14. b3 Re8 15. d5 e5 16. Bg3 Bf8 17. e4 Nh5 18. Bh4 Qd7 19. h3 Nf4 20. Qe3 f5 21. Bg3 Ng6 22. exf5 Qxf5 23. Ne4 Qf7 24. Nfg5 Qf5 25. Ne6 Be7 1/2-1/2

[Event "Havana Giraldilla op"]
[Site "Havana"]
[Date "2024.08.15"]
[Round "6"]
[White "Montane Carbonell, Thiago"]
[Black "Martinez Tartabull, Jeobel"]
[Result "1/2-1/2"]
[WhiteElo "1563"]
[BlackElo "1668"]
[PlyCount "55"]
[EventDate "2024.08.12"]
[EventType "swiss"]
[EventRounds "9"]
[EventCountry "CUB"]
[SourceTitle "CBM 221 Extra"]
[Source "ChessBase"]
[SourceDate "2024.09.30"]
[SourceVersion "1"]
[SourceVersionDate "2024.09.30"]
[SourceQuality "1"]

1. d4 Nf6 2. c4 g6 3. Nc3 Bg7 4. e4 d6 5. Nf3 0-0 6. h3 c6 7. d5 Bd7 8. Bd3 Na6 9. a3 c5 10. 0-0 Nc7 11. Re1 a6 12. Qe2 Rb8 13. a4 h6 14. Bf4 Nh5 15. Bh2 Re8 16. Qc2 b5 17. axb5 axb5 18. Nxb5 Nxb5 19. cxb5 Bxb5 20. Bxb5 Rxb5 21. Rab1 Qb6 22. e5 dxe5 23. Bxe5 Nf6 24. Bxf6 Bxf6 25. Ne5 Bxe5 26. Rxe5 Qf6 27. Re2 Reb8 28. Kf1 1/2-1/2

[Event "Havana Giraldilla op"]
[Site "Havana"]
[Date "2024.08.13"]
[Round "4"]
[White "Montane Carbonell, Thiago"]
[Black "Basulto Casanova, Laura"]
[Result "1/2-1/2"]
[WhiteElo "1563"]
[BlackElo "1425"]
[PlyCount "85"]
[EventDate "2024.08.12"]
[EventType "swiss"]
[EventRounds "9"]
[EventCountry "CUB"]
[SourceTitle "CBM 221 Extra"]
[Source "ChessBase"]
[SourceDate "2024.09.30"]
[SourceVersion "1"]
[SourceVersionDate "2024.09.30"]
[SourceQuality "1"]

1. d4 Nf6 2. Nf3 g6 3. Bf4 Bg7 4. c4 0-0 5. Nc3 d5 6. e3 b6 7. Be2 Bb7 8. 0-0 Nbd7 9. Rc1 c5 10. cxd5 Nxd5 11. Nxd5 Bxd5 12. dxc5 Nxc5 13. b4 Ne6 14. Bc4 Nxf4 15. exf4 Bxc4 16. Rxc4 Qxd1 17. Rxd1 Rac8 18. Rdc1 Rxc4 19. Rxc4 Rd8 20. g3 a5 21. bxa5 bxa5 22. Kg2 h5 23. Rc7 Kf8 24. Ra7 Bc3 25. Rc7 Bb4 26. Ne5 Bd6 27. Ra7 Bxe5 28. fxe5 Rd5 29. a4 Rxe5 30. Kf3 Kg7 31. Kg2 Kf6 32. Ra6+ Kf5 33. Ra7 Ke4 34. f4 Rf5 35. Rxe7+ Kd3 36. Rb7 Kc4 37. Kf2 h4 38. Kg2 hxg3 39. hxg3 f6 40. Rb6 g5 41. fxg5 fxg5 42. g4 Re5 43. Kf3 1/2-1/2